[Event "DLM 2008"]
[Site "Dresden GER"]
[Date "2008.11.16"]
[Round "4"]
[White "Herbold, Nora Marina"]
[Black "Peil, Christoph"]
[Result "0-1"]
[Termination "normal"]
[Board "6.6"]
[WhiteElo "1673"]
[BlackElo "1710"]
[WhiteTeam "Hamburg"]
[BlackTeam "Sachsen 1"]
[PlyCount "80"]
[WhiteFideId "4624548"]
[BlackFideId "24651800"]
[EventCountry "GER"]
[EventRounds "7"]
[EventType "team-swiss"]
[EventDate "2008.11.13"]

1. d4 Nf6 2. Nf3 d6 3. Bf4 g6 4. e3 Bg7 5. Be2 O-O 6. Nbd2 Nbd7 7. c3 Re8 8.
Qb3 h6 9. h4 e5 10. dxe5 dxe5 11. Bg3 Nh5 12. O-O-O Qe7 13. Qc4 Nb6 14. Qb3 Be6
15. Qc2 Nxg3 16. fxg3 Nd5 17. Nf1 Qc5 18. e4 Ne3 19. Nxe3 Qxe3+ 20. Kb1 Rad8
21. Bd3 Bg4 22. Rhe1 Qc5 23. Rd2 Rd6 24. Nh2 Be6 25. g4 Qa5 26. b3 Rc6 27. Rc1
Bf8 28. c4 Ba3 29. Rcd1 b5 30. Be2 bxc4 31. Bxc4 Bxc4 32. Rd8 Rxd8 33. Rxd8+
Kg7 34. bxc4 Qe1+ 35. Rd1 Rb6+ 36. Ka1 Bb2+ 37. Kb1 Bc3+ 38. Kc1 Qe3+ 39. Rd2
Bxd2+ 40. Qxd2 Rb1+ 0-1

[Event "DLM 2008"]
[Site "Dresden GER"]
[Date "2008.11.16"]
[Round "4"]
[White "Rührmund, Daniel"]
[Black "Weber, Marina"]
[Result "1-0"]
[Termination "normal"]
[Board "6.7"]
[WhiteElo "1841"]
[BlackElo "1392"]
[WhiteTeam "Sachsen 1"]
[BlackTeam "Hamburg"]
[PlyCount "103"]
[WhiteFideId "24674583"]
[BlackFideId "1270577"]
[EventCountry "GER"]
[EventRounds "7"]
[EventType "team-swiss"]
[EventDate "2008.11.13"]

1. e4 e5 2. Nf3 Nc6 3. Bb5 a6 4. Ba4 d6 5. c3 Bd7 6. O-O Be7 7. Re1 f5 8. exf5
Bf6 9. d4 Nge7 10. g4 h6 11. Bb3 Na5 12. dxe5 dxe5 13. Nxe5 Bxe5 14. Rxe5 Nxb3
15. axb3 Bc6 16. Qe1 Qd7 17. Bf4 O-O-O 18. Na3 Rde8 19. Nc4 Nd5 20. Bg3 Nf6 21.
h3 Rxe5 22. Nxe5 Qd5 23. Nxc6 Qxc6 24. Rd1 Rd8 25. Qf1 Ne4 26. Bh4 Ng5 27. Bxg5
hxg5 28. Qd3 Rh8 29. Kh2 Qc5 30. Qd4 Qc6 31. Rd3 b6 32. Qd5 Qxd5 33. Rxd5 Re8
34. Rd2 Re5 35. Kg3 Re1 36. h4 Rg1+ 37. Kh2 Rxg4 38. Rd4 Rxh4+ 39. Rxh4 gxh4
40. Kh3 Kd7 41. Kxh4 Ke7 42. Kg5 Kf7 43. c4 c5 44. f3 b5 45. Kf4 Kf6 46. Ke4
Ke7 47. Kd5 Kf6 48. Kxc5 Kxf5 49. Kd6 bxc4 50. bxc4 g5 51. c5 Kf4 52. c6 1-0

[Event "DLM 2008"]
[Site "Dresden GER"]
[Date "2008.11.16"]
[Round "4"]
[White "Lemke, Berfín"]
[Black "Pührer, Anne"]
[Result "0-1"]
[Termination "normal"]
[Board "6.8"]
[WhiteElo "1095"]
[BlackElo "1282"]
[WhiteTeam "Hamburg"]
[BlackTeam "Sachsen 1"]
[PlyCount "58"]
[WhiteFideId "1270578"]
[BlackFideId "24692247"]
[EventCountry "GER"]
[EventRounds "7"]
[EventType "team-swiss"]
[EventDate "2008.11.13"]

1. e4 c5 2. Nf3 d6 3. d4 cxd4 4. Nxd4 Nf6 5. Nc3 g6 6. Be3 Bg7 7. Be2 O-O 8.
O-O Nc6 9. Nb3 a6 10. Kh1 b5 11. Bd3 Bb7 12. f4 b4 13. Ne2 Ng4 14. Bc1 Qb6 15.
Qe1 a5 16. Qg3 Nf6 17. f5 a4 18. Nd2 a3 19. fxg6 hxg6 20. Nc4 Qc7 21. Qh4 Ba6
22. Bh6 Na5 23. Bxg7 Kxg7 24. Ne3 axb2 25. Rab1 Nc4 26. Bxc4 Bxc4 27. Qg5 Bxe2
28. Nf5+ Kg8 29. Nh6+ Kh7 0-1

[Event "DLM 2008"]
[Site "Dresden GER"]
[Date "2008.11.16"]
[Round "4"]
[White "Kölsch, Maximilian"]
[Black "Paul, Johannes"]
[Result "1-0"]
[Termination "normal"]
[Board "7.1"]
[WhiteElo "2156"]
[BlackElo "2129"]
[WhiteTeam "Schleswig-Holstein"]
[BlackTeam "Sachsen Anhalt"]
[PlyCount "81"]
[WhiteFideId "24618462"]
[BlackFideId "24622087"]
[EventCountry "GER"]
[EventRounds "7"]
[EventType "team-swiss"]
[EventDate "2008.11.13"]

1. a3 d5 2. e3 Nf6 3. c4 e6 4. Nf3 Be7 5. Qc2 O-O 6. b3 c5 7. Bb2 b6 8. cxd5
exd5 9. d4 Bb7 10. Nbd2 Nbd7 11. dxc5 bxc5 12. Bd3 Rc8 13. O-O Re8 14. Rac1 Bd6
15. Rfd1 Qc7 16. Bf5 g6 17. Bxf6 gxf5 18. Ba1 Re4 19. h3 f6 20. Nxe4 fxe4 21.
Nh4 Kh8 22. f4 exf3 23. Nxf3 Rg8 24. Qf5 Be5 25. Nxe5 fxe5 26. Rd4 Rf8 27. Qg5
Rg8 28. Qh5 Nf6 29. Qh6 Qc6 30. Rxc5 Qd6 31. Rg4 Rxg4 32. hxg4 Qxc5 33. Qxf6+
Kg8 34. Bxe5 Qf8 35. Qh8+ Kf7 36. Qxh7+ Ke6 37. Bd4 Bc6 38. Qxa7 Qd6 39. Bc5
Qd8 40. Qh7 Qg5 41. Qc7 1-0

[Event "DLM 2008"]
[Site "Dresden GER"]
[Date "2008.11.16"]
[Round "4"]
[White "Hofmann, Annett"]
[Black "Svane, Rasmus"]
[Result "1-0"]
[Termination "normal"]
[Board "7.2"]
[WhiteElo "1993"]
[BlackElo "1967"]
[WhiteTeam "Sachsen Anhalt"]
[BlackTeam "Schleswig-Holstein"]
[PlyCount "87"]
[WhiteFideId "24603759"]
[BlackFideId "4657101"]
[EventCountry "GER"]
[EventRounds "7"]
[EventType "team-swiss"]
[EventDate "2008.11.13"]

1. e4 c5 2. Nf3 e6 3. d4 cxd4 4. Nxd4 a6 5. Nc3 Qc7 6. Bd3 Nc6 7. Nb3 Nf6 8.
O-O Be7 9. Kh1 d6 10. f4 b5 11. Qe2 O-O 12. Bd2 Bb7 13. a4 b4 14. Na2 a5 15. c3
bxc3 16. Nxc3 Nb4 17. Nb5 Qd7 18. Bb1 d5 19. e5 Ne4 20. Rf3 Rfd8 21. Rh3 Bf8
22. Qe1 h6 23. Be3 Ba6 24. Nc3 Bc4 25. Nd4 Nd3 26. Bxd3 Bxd3 27. f5 Nxc3 28. f6
Ne4 29. fxg7 Bxg7 30. Bxh6 Bxh6 31. Rxh6 Kg7 32. Rh3 Bc4 33. Qh4 Kf8 34. Rf3
Rab8 35. b3 Ba6 36. Re1 Qe8 37. Rf6 Rb4 38. Nxe6+ Ke7 39. Nc7 Qg8 40. Rg6+ Kd7
41. Rxg8 Rxg8 42. Nxa6 Ng3+ 43. Qxg3 Rxg3 44. Nxb4 1-0

[Event "DLM 2008"]
[Site "Dresden GER"]
[Date "2008.11.16"]
[Round "4"]
[White "Marx, Joschka"]
[Black "Rafayevych, Vilen"]
[Result "0-1"]
[Termination "normal"]
[Board "7.3"]
[WhiteElo "1978"]
[BlackElo "1979"]
[WhiteTeam "Schleswig-Holstein"]
[BlackTeam "Sachsen Anhalt"]
[PlyCount "94"]
[WhiteFideId "24645869"]
[BlackFideId "24673897"]
[EventCountry "GER"]
[EventRounds "7"]
[EventType "team-swiss"]
[EventDate "2008.11.13"]

1. e4 c5 2. Nf3 e6 3. d3 Nc6 4. g3 g6 5. Bg2 Bg7 6. O-O Nge7 7. Nbd2 O-O 8. c3
d5 9. Re1 d4 10. c4 e5 11. Rb1 Kh8 12. h3 Qd6 13. Nh2 Nb4 14. Qb3 Nec6 15. Ndf3
Na5 16. Qd1 f5 17. a3 Nbc6 18. Nd2 a6 19. b4 cxb4 20. axb4 Nxb4 21. Ba3 Nac6
22. Qa4 a5 23. exf5 Bxf5 24. Ne4 Qe6 25. Nc5 Qf7 26. Rb2 Rfc8 27. Rd1 Bf8 28.
Ne4 Be7 29. Bxb4 axb4 30. Qc2 Ra3 31. Nf1 Nd8 32. Qe2 Rca8 33. Nfd2 Ra2 34. Nb3
Rxb2 35. Qxb2 Ra3 36. Nbc5 Bxe4 37. Nxe4 Qe8 38. Rd2 Qa4 39. Bf3 Nc6 40. Bd1 b3
41. f4 Bb4 42. Rf2 Qa5 43. Bxb3 Bc3 44. Nxc3 dxc3 45. Qe2 Rxb3 46. fxe5 Qxe5
47. Qf3 Qe7 0-1

[Event "DLM 2008"]
[Site "Dresden GER"]
[Date "2008.11.16"]
[Round "4"]
[White "Mertens, Pauline"]
[Black "Powierski, Emil"]
[Result "0-1"]
[Termination "normal"]
[Board "7.4"]
[WhiteElo "1918"]
[BlackElo "1787"]
[WhiteTeam "Sachsen Anhalt"]
[BlackTeam "Schleswig-Holstein"]
[PlyCount "78"]
[WhiteFideId "24671959"]
[BlackFideId "4656199"]
[EventCountry "GER"]
[EventRounds "7"]
[EventType "team-swiss"]
[EventDate "2008.11.13"]

1. e4 c5 2. Nf3 d6 3. d4 cxd4 4. Nxd4 Nf6 5. Nc3 a6 6. Be3 e5 7. Nb3 Be6 8. f3
Nbd7 9. g4 Nb6 10. g5 Nfd7 11. Qd2 Rc8 12. O-O-O Qc7 13. Kb1 Nc4 14. Bxc4 Bxc4
15. f4 b5 16. Qf2 Rb8 17. Nd5 Bxd5 18. exd5 Be7 19. Rhg1 exf4 20. Bxf4 O-O 21.
Rge1 Rfe8 22. Nd4 Rbc8 23. Qg3 Bf8 24. Rxe8 Rxe8 25. Nf5 Ne5 26. Re1 Qd7 27.
Nxd6 Bxd6 28. Bxe5 Qe7 29. Qd3 Bxe5 30. d6 Qd7 31. a4 Re6 32. Qd5 Bxd6 33. Qa8+
Bf8 34. Rf1 bxa4 35. h4 a3 36. Rf3 axb2 37. Kxb2 Qd4+ 38. c3 Qb6+ 39. Kc2 Qc6
0-1

[Event "DLM 2008"]
[Site "Dresden GER"]
[Date "2008.11.16"]
[Round "4"]
[White "Nieber, Alexander"]
[Black "Marx, Inga"]
[Result "1/2-1/2"]
[Termination "normal"]
[Board "7.6"]
[WhiteElo "1824"]
[BlackElo "1595"]
[WhiteTeam "Sachsen Anhalt"]
[BlackTeam "Schleswig-Holstein"]
[PlyCount "145"]
[WhiteFideId "24691224"]
[BlackFideId "4654749"]
[EventCountry "GER"]
[EventRounds "7"]
[EventType "team-swiss"]
[EventDate "2008.11.13"]

1. d4 d5 2. c4 e6 3. Nc3 Nf6 4. Bg5 Be7 5. Nf3 O-O 6. e3 b6 7. Bxf6 Bxf6 8.
cxd5 exd5 9. Bd3 Nc6 10. Rc1 Bb7 11. O-O h6 12. Qb3 Na5 13. Qc2 c5 14. dxc5
bxc5 15. Ne2 Rc8 16. Rfd1 Qb6 17. b3 c4 18. bxc4 Nxc4 19. Rb1 Qc6 20. Ned4 Qc7
21. Rdc1 Ba6 22. Qa4 Qd6 23. Nf5 Qc6 24. Qb4 Qc7 25. Qa4 Qc6 26. Qxc6 Rxc6 27.
N3d4 Rc7 28. Nb5 Bxb5 29. Rxb5 Rd8 30. g3 a6 31. Rb4 Rdc8 32. Rcb1 Rc6 33. Rb8
h5 34. Rxc8+ Rxc8 35. Rb7 Bg5 36. Rd7 g6 37. Nd6 Nb6 38. Nxc8 Nxd7 39. Bxa6 Kf8
40. Bb7 Bd8 41. Bxd5 Nb6 42. Nxb6 Bxb6 43. Kg2 Ke7 44. Kf3 f6 45. Ke4 Bc5 46.
a4 Bb4 47. f3 Ba5 48. Kd3 g5 49. Kc4 Kd6 50. Bf7 h4 51. gxh4 gxh4 52. h3 Bd2
53. e4 Kc6 54. Be8+ Kd6 55. Kb5 Kc7 56. a5 Be3 57. a6 Ba7 58. Bc6 Kd6 59. Bb7
Kc7 60. Kc4 Kd6 61. Bc8 Bb6 62. Kd3 Ke5 63. Bf5 Ba7 64. Kc4 Kd6 65. Kb5 Kc7 66.
f4 Kd6 67. Bg4 Be3 68. e5+ fxe5 69. f5 e4 70. f6 Ba7 71. f7 Ke7 72. Bh5 e3 73.
Kc6 1/2-1/2

[Event "DLM 2008"]
[Site "Dresden GER"]
[Date "2008.11.16"]
[Round "4"]
[White "Polert, Annika"]
[Black "Zimmermann, Christian"]
[Result "0-1"]
[Termination "normal"]
[Board "7.7"]
[WhiteElo "1506"]
[BlackElo "1513"]
[WhiteTeam "Schleswig-Holstein"]
[BlackTeam "Sachsen Anhalt"]
[PlyCount "84"]
[WhiteFideId "24692328"]
[BlackFideId "24692069"]
[EventCountry "GER"]
[EventRounds "7"]
[EventType "team-swiss"]
[EventDate "2008.11.13"]

1. d4 d5 2. c4 e6 3. Nc3 Nf6 4. Bg5 Be7 5. Nf3 O-O 6. e3 h6 7. Bf4 b6 8. Rc1
Nh5 9. Be5 c6 10. Qc2 Bb7 11. a3 a5 12. Bd3 dxc4 13. Bxc4 Nd7 14. Ba2 c5 15. d5
Nxe5 16. Nxe5 exd5 17. Bb1 Nf6 18. Ng4 Re8 19. Rd1 Qd7 20. h3 Qe6 21. O-O Qc6
22. Nxf6+ Bxf6 23. Nxd5 g6 24. Nxf6+ Qxf6 25. Qe2 Qc6 26. Qg4 Kg7 27. Rd7 Bc8
28. Bxg6 Qxg6 29. Qxg6+ Kxg6 30. Rd6+ Re6 31. Rfd1 Rb8 32. Rd8 Kg7 33. Kh2 Ra8
34. Kg1 Bb7 35. R8d7 Bc6 36. R7d2 Rg6 37. g3 Re8 38. h4 Re4 39. Rc1 Rxh4 40. f3
Rxg3+ 41. Kf2 Rxf3+ 42. Ke2 Rh2+ 0-1

[Event "DLM 2008"]
[Site "Dresden GER"]
[Date "2008.11.16"]
[Round "4"]
[White "Müller, Alexandra"]
[Black "Borukhson, David"]
[Result "1-0"]
[Termination "normal"]
[Board "7.8"]
[WhiteElo "1532"]
[BlackElo "1202"]
[WhiteTeam "Sachsen Anhalt"]
[BlackTeam "Schleswig-Holstein"]
[PlyCount "41"]
[WhiteFideId "24691496"]
[EventCountry "GER"]
[EventRounds "7"]
[EventType "team-swiss"]
[EventDate "2008.11.13"]

1. e4 c5 2. Nf3 Nc6 3. d4 cxd4 4. Nxd4 Nf6 5. Nc3 e5 6. Nb3 Bb4 7. Bd3 O-O 8.
Bd2 d5 9. exd5 Nxd5 10. Nxd5 Bxd2+ 11. Qxd2 Be6 12. Nc3 Bxb3 13. axb3 g6 14.
Rd1 Re8 15. O-O Qc7 16. Nd5 Qd6 17. Be4 Rad8 18. Qg5 Kg7 19. Ne3 Qc7 20. Nf5+
Kh8 21. Qf6+ 1-0

[Event "DLM 2008"]
[Site "Dresden GER"]
[Date "2008.11.16"]
[Round "4"]
[White "Fink, Leander"]
[Black "Schäfer, Erik"]
[Result "1/2-1/2"]
[Termination "normal"]
[Board "8.1"]
[WhiteElo "2126"]
[BlackElo "2154"]
[WhiteTeam "Hessen 2"]
[BlackTeam "Sachsen 2"]
[PlyCount "80"]
[WhiteFideId "24605247"]
[BlackFideId "24674788"]
[EventCountry "GER"]
[EventRounds "7"]
[EventType "team-swiss"]
[EventDate "2008.11.13"]

1. e4 c5 2. g3 d5 3. exd5 Qxd5 4. Nf3 Bg4 5. Bg2 Nc6 6. h3 Bh5 7. O-O Nf6 8.
Nc3 Qd7 9. g4 Bg6 10. Nh4 e6 11. d3 Be7 12. Nxg6 hxg6 13. Bf4 Nd5 14. Nxd5 exd5
15. c4 d4 16. Re1 Kf8 17. Qa4 g5 18. Bg3 g6 19. Bxc6 bxc6 20. Kg2 f5 21. f3 Kf7
22. Re2 f4 23. Be1 Bd6 24. Bd2 Rae8 25. Rae1 Rxe2+ 26. Rxe2 Qb7 27. Be1 Kf6 28.
Qd1 Qh7 29. h4 gxh4 30. Re4 Qd7 31. Kh3 g5 32. Qe2 Kf7 33. Ba5 Rh6 34. b3 Re6
35. Rxe6 Qxe6 36. Qxe6+ Kxe6 37. Bd8 Be7 38. Bxe7 Kxe7 39. a3 Kd7 40. Kh2 Ke7
1/2-1/2

[Event "DLM 2008"]
[Site "Dresden GER"]
[Date "2008.11.16"]
[Round "4"]
[White "Stark, Saskia"]
[Black "Donchenko, Alexander"]
[Result "1/2-1/2"]
[Termination "normal"]
[Board "8.4"]
[WhiteElo "1912"]
[BlackElo "1877"]
[WhiteTeam "Sachsen 2"]
[BlackTeam "Hessen 2"]
[PlyCount "85"]
[WhiteFideId "4601050"]
[BlackFideId "24603295"]
[EventCountry "GER"]
[EventRounds "7"]
[EventType "team-swiss"]
[EventDate "2008.11.13"]

1. e4 c5 2. Nc3 d6 3. f4 g6 4. Nf3 Bg7 5. Bb5+ Bd7 6. Bxd7+ Qxd7 7. d3 e6 8.
O-O Ne7 9. Ne2 Nbc6 10. c3 O-O 11. Be3 b5 12. Rb1 a5 13. d4 cxd4 14. Nexd4 b4
15. c4 f5 16. Qd3 Rac8 17. b3 fxe4 18. Qxe4 Nf5 19. Rbd1 d5 20. cxd5 exd5 21.
Nxf5 dxe4 22. Rxd7 gxf5 23. Ng5 Rfd8 24. Rfd1 Rxd7 25. Rxd7 Rd8 26. Rxd8+ Nxd8
27. g4 h6 28. Nh3 fxg4 29. Nf2 Kf7 30. Nxg4 Nc6 31. Nf2 Bd4 32. Bxd4 Nxd4 33.
Nxe4 Ne2+ 34. Kf2 Nc1 35. Nd6+ Kf6 36. Nc4 Kf5 37. Kf3 Nxa2 38. Nxa5 Nc1 39.
Nc6 Nxb3 40. Nxb4 Nd2+ 41. Kg3 Nf1+ 42. Kg2 Nxh2 43. Kxh2 1/2-1/2

[Event "DLM 2008"]
[Site "Dresden GER"]
[Date "2008.11.16"]
[Round "4"]
[White "Medvedovski, Michael"]
[Black "Lehr, Albert"]
[Result "0-1"]
[Termination "normal"]
[Board "8.5"]
[WhiteElo "1930"]
[BlackElo "1668"]
[WhiteTeam "Hessen 2"]
[BlackTeam "Sachsen 2"]
[PlyCount "50"]
[WhiteFideId "24600830"]
[EventCountry "GER"]
[EventRounds "7"]
[EventType "team-swiss"]
[EventDate "2008.11.13"]

1. e4 c5 2. Nf3 d6 3. d4 cxd4 4. Nxd4 Nf6 5. Nc3 a6 6. Bc4 e6 7. Bb3 Be7 8. f4
Nbd7 9. f5 Nc5 10. fxe6 Nxe6 11. Nxe6 Bxe6 12. Bxe6 fxe6 13. Be3 O-O 14. O-O
Qc7 15. Qe2 Rac8 16. Rac1 Qc6 17. Bf2 Nd7 18. Nd5 Rce8 19. Nxe7+ Rxe7 20. c4
Nc5 21. e5 dxe5 22. Qxe5 Nd3 23. Qg5 Ref7 24. Rc2 Qe4 25. Qc1 Nxc1 0-1

[Event "DLM 2008"]
[Site "Dresden GER"]
[Date "2008.11.16"]
[Round "4"]
[White "Grunwald, Martin"]
[Black "Schmalhorst, Sophia"]
[Result "1-0"]
[Termination "normal"]
[Board "8.6"]
[WhiteElo "1581"]
[BlackElo "1608"]
[WhiteTeam "Sachsen 2"]
[BlackTeam "Hessen 2"]
[PlyCount "49"]
[WhiteFideId "1270580"]
[BlackFideId "24682497"]
[EventCountry "GER"]
[EventRounds "7"]
[EventType "team-swiss"]
[EventDate "2008.11.13"]

1. e4 e5 2. Nf3 Nc6 3. d4 exd4 4. Nxd4 Nf6 5. Nxc6 bxc6 6. Bd3 d5 7. e5 Ng4 8.
Bf4 Bc5 9. O-O O-O 10. h3 Nxf2 11. Rxf2 Bxf2+ 12. Kxf2 Qh4+ 13. Bg3 Qd4+ 14.
Kf1 Qxb2 15. Nd2 f6 16. e6 Bxe6 17. Rb1 Qxa2 18. Qh5 f5 19. Re1 d4 20. Be5 c5
21. Nf3 Bc4 22. Ng5 Bxd3+ 23. cxd3 Rfc8 24. Qxh7+ Kf8 25. Bxg7# 1-0

[Event "DLM 2008"]
[Site "Dresden GER"]
[Date "2008.11.16"]
[Round "4"]
[White "Zuyev, Lisa"]
[Black "Viereck, Marten"]
[Result "0-1"]
[Termination "normal"]
[Board "8.7"]
[WhiteElo "1527"]
[BlackElo "1353"]
[WhiteTeam "Hessen 2"]
[BlackTeam "Sachsen 2"]
[PlyCount "114"]
[BlackFideId "24692190"]
[EventCountry "GER"]
[EventRounds "7"]
[EventType "team-swiss"]
[EventDate "2008.11.13"]

1. e4 c5 2. Nc3 e6 3. f4 Nc6 4. Nf3 d6 5. Bb5 a6 6. Bxc6+ bxc6 7. O-O Bb7 8. d3
Be7 9. Kh1 d5 10. Bd2 Nf6 11. Ne5 Nd7 12. Qh5 g6 13. Qh3 dxe4 14. Nxe4 f5 15.
Nf2 Bf6 16. Bc3 Nxe5 17. Bxe5 Bxe5 18. fxe5 O-O 19. Qe3 Qd4 20. Qe2 Rab8 21.
Rab1 c4 22. c3 cxd3 23. Nxd3 Qd5 24. a3 Qb5 25. Qe3 Rbd8 26. Nf4 Rfe8 27. Rfe1
c5 28. Qg3 Kf7 29. Qg5 Qd7 30. Kg1 Qe7 31. Qh6 Kg8 32. Re3 Qg7 33. Qg5 Rd2 34.
Rd3 Rxd3 35. Nxd3 Be4 36. Qe3 c4 37. Qd4 Bxd3 38. Rd1 Qb7 39. Rd2 Qe4 40. Kf2
Qxd4+ 41. cxd4 Rd8 42. b3 a5 43. bxc4 Bxc4 44. Ke3 a4 45. Rc2 Bb3 46. Rc7 g5
47. g3 Rb8 48. Kd2 Bd5 49. Ra7 Rb2+ 50. Ke3 Rb3+ 51. Kd2 Rxa3 52. Kc1 Ra2 53.
Kb1 a3 54. Ra5 Rb2+ 55. Ka1 Rb3 56. Ra7 Rd3 57. Kb1 a2+ 0-1

[Event "DLM 2008"]
[Site "Dresden GER"]
[Date "2008.11.16"]
[Round "4"]
[White "Winkelmann, Elise"]
[Black "Sancar, Alina"]
[Result "0-1"]
[Termination "normal"]
[Board "8.8"]
[WhiteElo "944"]
[BlackElo "1503"]
[WhiteTeam "Sachsen 2"]
[BlackTeam "Hessen 2"]
[PlyCount "80"]
[BlackFideId "4624750"]
[EventCountry "GER"]
[EventRounds "7"]
[EventType "team-swiss"]
[EventDate "2008.11.13"]

1. d4 f5 2. Nf3 Nf6 3. Bf4 d6 4. e3 g6 5. Bd3 Bg7 6. c4 O-O 7. Nc3 Nc6 8. O-O
Qe8 9. Nb5 Qd7 10. c5 a6 11. Qb3+ e6 12. Na3 Re8 13. Rfe1 Kf8 14. cxd6 cxd6 15.
Qc3 Nd5 16. Qd2 Nxf4 17. exf4 Nxd4 18. Nxd4 Bxd4 19. Bc4 Bc5 20. b4 Ba7 21. b5
Bc5 22. Qc3 Qg7 23. Qb3 d5 24. Bf1 Qd4 25. Qe3 Qxe3 26. fxe3 Bxa3 27. bxa6 bxa6
28. Rab1 a5 29. Bb5 Re7 30. Rb3 Bb4 31. Reb1 Ba6 32. Bxa6 Rxa6 33. a3 Bc5 34.
a4 Bb4 35. g3 Rc6 36. h4 Rec7 37. Kh2 Rc3 38. Rxc3 Rxc3 39. Kh3 Rxe3 40. Rc1 d4
0-1

[Event "DLM 2008"]
[Site "Dresden GER"]
[Date "2008.11.16"]
[Round "4"]
[White "Kesten, Sebastian"]
[Black "Müller, Reinhold"]
[Result "0-1"]
[Termination "normal"]
[Board "9.1"]
[WhiteElo "2120"]
[BlackElo "2228"]
[WhiteTeam "Mecklenburg-Vorpommern"]
[BlackTeam "Saarland"]
[PlyCount "60"]
[WhiteFideId "24616214"]
[BlackFideId "24605875"]
[EventCountry "GER"]
[EventRounds "7"]
[EventType "team-swiss"]
[EventDate "2008.11.13"]

1. d4 Nf6 2. c4 c5 3. d5 d6 4. Nc3 g6 5. e4 Bg7 6. h3 O-O 7. Nf3 e6 8. Be2 exd5
9. exd5 Bf5 10. O-O Ne4 11. Nxe4 Bxe4 12. Bd3 Bxf3 13. Qxf3 Nd7 14. Qd1 Re8 15.
Qc2 Qf6 16. Rb1 Re7 17. Rd1 Rae8 18. Bf1 Qh4 19. Qd2 Qh5 20. g4 Qe5 21. Qf4 Qe4
22. Bd3 Qd4 23. Be3 Rxe3 24. fxe3 Rxe3 25. Qxd4 Bxd4 26. Kg2 Ne5 27. Bf1 f5 28.
gxf5 gxf5 29. b4 f4 30. bxc5 Rg3+ 0-1

[Event "DLM 2008"]
[Site "Dresden GER"]
[Date "2008.11.16"]
[Round "4"]
[White "Müller, Pascal"]
[Black "Daug, Jörn-Henning"]
[Result "1-0"]
[Termination "normal"]
[Board "9.2"]
[WhiteElo "1991"]
[BlackElo "1974"]
[WhiteTeam "Saarland"]
[BlackTeam "Mecklenburg-Vorpommern"]
[PlyCount "89"]
[BlackFideId "24616974"]
[EventCountry "GER"]
[EventRounds "7"]
[EventType "team-swiss"]
[EventDate "2008.11.13"]

1. e4 c5 2. Nf3 Nc6 3. d4 cxd4 4. Nxd4 Qb6 5. Nb3 Nf6 6. Nc3 e6 7. Be3 Qc7 8.
Be2 Bb4 9. f3 Bxc3+ 10. bxc3 d5 11. O-O O-O 12. Bg5 Qe5 13. f4 Qxe4 14. Bxf6
gxf6 15. Bd3 Qe3+ 16. Kh1 Re8 17. Qh5 Kf8 18. Rae1 Qb6 19. Qxh7 Ke7 20. Rb1 Qc7
21. Bg6 Rf8 22. Rbe1 Bd7 23. Nc5 Kd6 24. Nxd7 Qxd7 25. Bh5 Na5 26. f5 Rac8 27.
Qh6 Rh8 28. fxe6 fxe6 29. Qf4+ Kc5 30. Qb4+ Kc6 31. Qa4+ b5 32. Qxa5 Rxh5 33.
Rxf6 Rf5 34. Rexe6+ Kb7 35. Qa6+ Kb8 36. Rxf5 b4 37. cxb4 d4 38. Rb5+ Ka8 39.
Rc5 Rf8 40. Rd6 d3 41. Qxd3 Qxd6 42. Rc8+ Kb7 43. Rxf8 Qe7 44. Qd5+ Ka6 45.
Qc6# 1-0

[Event "DLM 2008"]
[Site "Dresden GER"]
[Date "2008.11.16"]
[Round "4"]
[White "Völsgen, Georg"]
[Black "Müller, Denis"]
[Result "1-0"]
[Termination "normal"]
[Board "9.3"]
[WhiteElo "1929"]
[BlackElo "1927"]
[WhiteTeam "Mecklenburg-Vorpommern"]
[BlackTeam "Saarland"]
[PlyCount "79"]
[WhiteFideId "24635901"]
[BlackFideId "4696140"]
[EventCountry "GER"]
[EventRounds "7"]
[EventType "team-swiss"]
[EventDate "2008.11.13"]

1. e4 e6 2. d4 d5 3. exd5 exd5 4. Bd3 c5 5. Qe2+ Be7 6. c3 cxd4 7. cxd4 Nc6 8.
Be3 Nb4 9. Bb5+ Bd7 10. Nc3 a6 11. Bxd7+ Qxd7 12. Nf3 Nc6 13. Bg5 Nf6 14. Bxf6
gxf6 15. O-O O-O-O 16. a3 Rhg8 17. b4 Qh3 18. g3 Rg6 19. b5 axb5 20. Qxb5 Rdg8
21. Qxd5 h5 22. Ne4 f5 23. Ne5 Re6 24. Qd7+ Kb8 25. Nxc6+ Rxc6 26. Qxe7 fxe4
27. Qxf7 Qg4 28. Rac1 Rgc8 29. Rxc6 Rxc6 30. Rb1 Rc7 31. Qe8+ Ka7 32. Qa4+ Kb8
33. Qe8+ Ka7 34. Qe5 Rc2 35. Qa5+ Kb8 36. Qb4 Qd7 37. Qb3 Rd2 38. Qb5 Rxd4 39.
Qxh5 Ka8 40. Qb5 1-0

[Event "DLM 2008"]
[Site "Dresden GER"]
[Date "2008.11.16"]
[Round "4"]
[White "Sonnhalter, Stella"]
[Black "Hingst, Silke"]
[Result "1-0"]
[Termination "normal"]
[Board "9.4"]
[WhiteElo "1607"]
[BlackElo "1842"]
[WhiteTeam "Saarland"]
[BlackTeam "Mecklenburg-Vorpommern"]
[PlyCount "36"]
[WhiteFideId "4624815"]
[BlackFideId "4624564"]
[EventCountry "GER"]
[EventRounds "7"]
[EventType "team-swiss"]
[EventDate "2008.11.13"]

1. e4 e5 2. Nf3 Nc6 3. Bc4 Nf6 4. d3 Bc5 5. c3 d6 6. Bb3 Bd7 7. Nbd2 O-O 8. O-O
b5 9. h3 Bb6 10. Re1 Na5 11. Qe2 c5 12. Nf1 Qc7 13. Ng3 h6 14. Nh4 d5 15. Qf3
Bc6 16. Bxh6 dxe4 17. dxe4 Nh7 18. Qg4 Nf6 1-0

[Event "DLM 2008"]
[Site "Dresden GER"]
[Date "2008.11.16"]
[Round "4"]
[White "Wolf, Christoph"]
[Black "Schirra, Felix"]
[Result "1-0"]
[Termination "normal"]
[Board "9.5"]
[WhiteElo "1790"]
[BlackElo "1516"]
[WhiteTeam "Mecklenburg-Vorpommern"]
[BlackTeam "Saarland"]
[PlyCount "65"]
[WhiteFideId "24650633"]
[BlackFideId "24692662"]
[EventCountry "GER"]
[EventRounds "7"]
[EventType "team-swiss"]
[EventDate "2008.11.13"]

1. e4 c5 2. Nf3 Nc6 3. d4 cxd4 4. Nxd4 g6 5. Nc3 Bg7 6. Be3 Nf6 7. Bc4 Qa5 8.
O-O O-O 9. Nb3 Qc7 10. Qe2 Ne5 11. Bd3 Neg4 12. f4 Nxe3 13. Qxe3 Ng4 14. Qf3 d6
15. Nd5 Qd8 16. h3 Nf6 17. Ne3 Bd7 18. Rad1 Qc7 19. c3 Qb6 20. Kh2 Ba4 21. Bc2
Rac8 22. Rf2 Rc7 23. Nd4 Bxc2 24. Rxc2 Qa6 25. a3 Rfc8 26. Rf2 b6 27. e5 Ne8
28. Nd5 Rb7 29. Nb4 Qa4 30. Qxb7 Rc7 31. Qf3 dxe5 32. fxe5 Bxe5+ 33. g3 1-0

[Event "DLM 2008"]
[Site "Dresden GER"]
[Date "2008.11.16"]
[Round "4"]
[White "Brühan, Caren"]
[Black "Schreiber, Kevin"]
[Result "0-1"]
[Termination "normal"]
[Board "9.6"]
[WhiteElo "1226"]
[BlackElo "1587"]
[WhiteTeam "Saarland"]
[BlackTeam "Mecklenburg-Vorpommern"]
[PlyCount "41"]
[WhiteFideId "24691976"]
[BlackFideId "24655830"]
[EventCountry "GER"]
[EventRounds "7"]
[EventType "team-swiss"]
[EventDate "2008.11.13"]

1. d4 d5 2. Bf4 Nf6 3. e3 e6 4. c4 c6 5. Nc3 Bd6 6. Bg5 Nbd7 7. Nf3 Qa5 8. a3
Ne4 9. Qc1 dxc4 10. b4 cxb3 11. Nd2 Qxc3 12. Qxc3 Nxc3 13. Nxb3 O-O 14. Bd3 e5
15. O-O exd4 16. exd4 Nb6 17. Rfc1 Nbd5 18. a4 b6 19. Nd2 h6 20. Be3 Bb4 21.
Nf3 0-1